| 000 | 00456nam a2200157Ia 4500 | ||
|---|---|---|---|
| 008 | 150121s9999 xx 000 0 und d | ||
| 020 | _a0116-7103 | ||
| 245 |
_aDLSU Engineering Journal / _h[electronic resource] |
||
| 260 |
_bDe La Salle University, _c2006. |
||
| 516 | _aElectronic text | ||
| 650 | _aEngineering. | ||
| 650 | _aTechnology. | ||
| 830 | _aPhilippine E-Journals | ||
| 856 | _uhttp://www.ejournals.ph/index.php?journal=EJ | ||
| 942 | _cEJ | ||
| 999 |
_c277009 _d277009 |
||